<?xml version="1.0" encoding="UTF-8"?>
<record
    xmlns:xsi="http://www.w3.org/2001/XMLSchema-instance"
    xsi:schemaLocation="http://www.loc.gov/MARC21/slim http://www.loc.gov/standards/marcxml/schema/MARC21slim.xsd"
    xmlns="http://www.loc.gov/MARC21/slim">

  <leader>00796nam a22002537a 4500</leader>
  <controlfield tag="005">20211202131724.0</controlfield>
  <controlfield tag="008">170127s2001        mx |||| |||| 001 0 spa d</controlfield>
  <datafield tag="020" ind1=" " ind2=" ">
    <subfield code="a">968702240X (obra completa)</subfield>
  </datafield>
  <datafield tag="020" ind1=" " ind2=" ">
    <subfield code="a">9687022116 (V.1)</subfield>
  </datafield>
  <datafield tag="020" ind1=" " ind2=" ">
    <subfield code="a">9687022124 (V.2)</subfield>
  </datafield>
  <datafield tag="050" ind1="0" ind2="4">
    <subfield code="a">RG101</subfield>
    <subfield code="b">G56 2001</subfield>
  </datafield>
  <datafield tag="245" ind1="1" ind2="0">
    <subfield code="a">Ginecolog&#xED;a y Obstetricia </subfield>
    <subfield code="b"> / Eduardo N&#xFA;&#xF1;ez Maciel...[et al.].</subfield>
  </datafield>
  <datafield tag="250" ind1=" " ind2=" ">
    <subfield code="a">1a ed.</subfield>
  </datafield>
  <datafield tag="260" ind1=" " ind2=" ">
    <subfield code="a">M&#xE9;xico :</subfield>
    <subfield code="b">Ediciones Cuellar,</subfield>
    <subfield code="c">2001.</subfield>
  </datafield>
  <datafield tag="300" ind1=" " ind2=" ">
    <subfield code="a">2 v. :</subfield>
    <subfield code="b">il. ;</subfield>
    <subfield code="c">28 cm.</subfield>
  </datafield>
  <datafield tag="504" ind1=" " ind2=" ">
    <subfield code="a">Incluye bibliograf&#xED;as e &#xED;ndice.</subfield>
  </datafield>
  <datafield tag="506" ind1=" " ind2=" ">
    <subfield code="a">Bib. Med. ISO 2017</subfield>
  </datafield>
  <datafield tag="650" ind1=" " ind2="7">
    <subfield code="2">lemb</subfield>
    <subfield code="a">Ginecologia</subfield>
  </datafield>
  <datafield tag="650" ind1=" " ind2="7">
    <subfield code="2">lemb</subfield>
    <subfield code="a">Obstetricia</subfield>
  </datafield>
  <datafield tag="700" ind1="1" ind2=" ">
    <subfield code="a">Nu&#xF1;ez Maciel, Eduardo,</subfield>
    <subfield code="e">autor</subfield>
  </datafield>
  <datafield tag="700" ind1="1" ind2=" ">
    <subfield code="a">L&#xF3;pez Villegas, Jorge,</subfield>
    <subfield code="e">autor</subfield>
  </datafield>
  <datafield tag="700" ind1="1" ind2=" ">
    <subfield code="a">Matute G., Mario M.,</subfield>
    <subfield code="e">autor</subfield>
  </datafield>
  <datafield tag="942" ind1=" " ind2=" ">
    <subfield code="2">lcc</subfield>
    <subfield code="c">LIB</subfield>
  </datafield>
  <datafield tag="999" ind1=" " ind2=" ">
    <subfield code="c">124817</subfield>
    <subfield code="d">124817</subfield>
  </datafield>
  <datafield tag="952" ind1=" " ind2=" ">
    <subfield code="1">0</subfield>
    <subfield code="2">lcc</subfield>
    <subfield code="4">0</subfield>
    <subfield code="7">0</subfield>
    <subfield code="a">LIC-010</subfield>
    <subfield code="b">LIC-010</subfield>
    <subfield code="c">GENERAL</subfield>
    <subfield code="d">2017-01-27</subfield>
    <subfield code="e">FOMES-2001</subfield>
    <subfield code="f">1a ed.</subfield>
    <subfield code="i">CS</subfield>
    <subfield code="k">CS</subfield>
    <subfield code="o">RG101 G56 2001 V.1</subfield>
    <subfield code="p">BFM000006575</subfield>
    <subfield code="r">2017-01-27 00:00:00</subfield>
    <subfield code="t">1</subfield>
    <subfield code="y">LIB</subfield>
    <subfield code="z">General</subfield>
  </datafield>
  <datafield tag="952" ind1=" " ind2=" ">
    <subfield code="1">0</subfield>
    <subfield code="2">lcc</subfield>
    <subfield code="4">0</subfield>
    <subfield code="7">0</subfield>
    <subfield code="a">LIC-010</subfield>
    <subfield code="b">LIC-010</subfield>
    <subfield code="c">GENERAL</subfield>
    <subfield code="d">2017-01-27</subfield>
    <subfield code="e">FOMES-2001</subfield>
    <subfield code="f">1a ed.</subfield>
    <subfield code="i">CS</subfield>
    <subfield code="k">CS</subfield>
    <subfield code="o">RG101 G56 2001 V.1</subfield>
    <subfield code="p">BFM000006576</subfield>
    <subfield code="r">2017-01-27 00:00:00</subfield>
    <subfield code="t">2</subfield>
    <subfield code="y">LIB</subfield>
    <subfield code="z">General</subfield>
  </datafield>
  <datafield tag="952" ind1=" " ind2=" ">
    <subfield code="1">0</subfield>
    <subfield code="2">lcc</subfield>
    <subfield code="4">0</subfield>
    <subfield code="7">0</subfield>
    <subfield code="a">LIC-010</subfield>
    <subfield code="b">LIC-010</subfield>
    <subfield code="c">GENERAL</subfield>
    <subfield code="d">2017-01-27</subfield>
    <subfield code="e">FOMES-2001</subfield>
    <subfield code="f">1a ed.</subfield>
    <subfield code="i">CS</subfield>
    <subfield code="k">CS</subfield>
    <subfield code="o">RG101 G56 2001 V.1</subfield>
    <subfield code="p">BFM000006577</subfield>
    <subfield code="r">2017-01-27 00:00:00</subfield>
    <subfield code="t">3</subfield>
    <subfield code="y">LIB</subfield>
    <subfield code="z">General</subfield>
  </datafield>
  <datafield tag="952" ind1=" " ind2=" ">
    <subfield code="1">0</subfield>
    <subfield code="2">lcc</subfield>
    <subfield code="4">0</subfield>
    <subfield code="7">0</subfield>
    <subfield code="a">LIC-010</subfield>
    <subfield code="b">LIC-010</subfield>
    <subfield code="c">GENERAL</subfield>
    <subfield code="d">2017-01-27</subfield>
    <subfield code="e">FOMES-2001</subfield>
    <subfield code="f">1a ed.</subfield>
    <subfield code="i">CS</subfield>
    <subfield code="k">CS</subfield>
    <subfield code="o">RG101 G56 2001 V.1</subfield>
    <subfield code="p">BFM000006578</subfield>
    <subfield code="r">2017-01-27 00:00:00</subfield>
    <subfield code="t">4</subfield>
    <subfield code="y">LIB</subfield>
    <subfield code="z">General</subfield>
  </datafield>
  <datafield tag="952" ind1=" " ind2=" ">
    <subfield code="1">0</subfield>
    <subfield code="2">lcc</subfield>
    <subfield code="4">0</subfield>
    <subfield code="7">0</subfield>
    <subfield code="a">LIC-010</subfield>
    <subfield code="b">LIC-010</subfield>
    <subfield code="c">GENERAL</subfield>
    <subfield code="d">2017-01-27</subfield>
    <subfield code="e">FOMES-2001</subfield>
    <subfield code="f">1a ed.</subfield>
    <subfield code="i">CS</subfield>
    <subfield code="k">CS</subfield>
    <subfield code="o">RG101 G56 2001 V.1</subfield>
    <subfield code="p">BFM000006579</subfield>
    <subfield code="r">2017-01-27 00:00:00</subfield>
    <subfield code="t">5</subfield>
    <subfield code="y">LIB</subfield>
    <subfield code="z">General</subfield>
  </datafield>
  <datafield tag="952" ind1=" " ind2=" ">
    <subfield code="1">0</subfield>
    <subfield code="2">lcc</subfield>
    <subfield code="4">0</subfield>
    <subfield code="7">0</subfield>
    <subfield code="a">LIC-010</subfield>
    <subfield code="b">LIC-010</subfield>
    <subfield code="c">GENERAL</subfield>
    <subfield code="d">2017-01-27</subfield>
    <subfield code="e">FOMES-2001</subfield>
    <subfield code="f">1a ed.</subfield>
    <subfield code="i">CS</subfield>
    <subfield code="k">CS</subfield>
    <subfield code="o">RG101 G56 2001 V.1</subfield>
    <subfield code="p">BFM000006582</subfield>
    <subfield code="r">2017-01-27 00:00:00</subfield>
    <subfield code="t">6</subfield>
    <subfield code="y">LIB</subfield>
    <subfield code="z">General</subfield>
  </datafield>
  <datafield tag="952" ind1=" " ind2=" ">
    <subfield code="1">0</subfield>
    <subfield code="2">lcc</subfield>
    <subfield code="4">0</subfield>
    <subfield code="7">0</subfield>
    <subfield code="a">LIC-010</subfield>
    <subfield code="b">LIC-010</subfield>
    <subfield code="c">GENERAL</subfield>
    <subfield code="d">2017-01-27</subfield>
    <subfield code="e">FOMES-2001</subfield>
    <subfield code="f">1a ed.</subfield>
    <subfield code="i">CS</subfield>
    <subfield code="k">CS</subfield>
    <subfield code="o">RG101 G56 2001 V.1</subfield>
    <subfield code="p">BFM000006583</subfield>
    <subfield code="r">2017-01-27 00:00:00</subfield>
    <subfield code="t">7</subfield>
    <subfield code="y">LIB</subfield>
    <subfield code="z">General</subfield>
  </datafield>
  <datafield tag="952" ind1=" " ind2=" ">
    <subfield code="1">0</subfield>
    <subfield code="2">lcc</subfield>
    <subfield code="4">0</subfield>
    <subfield code="7">0</subfield>
    <subfield code="a">LIC-010</subfield>
    <subfield code="b">LIC-010</subfield>
    <subfield code="c">GENERAL</subfield>
    <subfield code="d">2017-01-27</subfield>
    <subfield code="e">FOMES-2001</subfield>
    <subfield code="f">1a ed.</subfield>
    <subfield code="i">CS</subfield>
    <subfield code="k">CS</subfield>
    <subfield code="o">RG101 G56 2001 V.1</subfield>
    <subfield code="p">BFM000006584</subfield>
    <subfield code="r">2017-01-27 00:00:00</subfield>
    <subfield code="t">8</subfield>
    <subfield code="y">LIB</subfield>
    <subfield code="z">General</subfield>
  </datafield>
  <datafield tag="952" ind1=" " ind2=" ">
    <subfield code="1">0</subfield>
    <subfield code="2">lcc</subfield>
    <subfield code="4">0</subfield>
    <subfield code="7">0</subfield>
    <subfield code="a">LIC-010</subfield>
    <subfield code="b">LIC-010</subfield>
    <subfield code="c">GENERAL</subfield>
    <subfield code="d">2017-01-30</subfield>
    <subfield code="e">FOMES-2001</subfield>
    <subfield code="f">1a ed.</subfield>
    <subfield code="i">CS</subfield>
    <subfield code="k">CS</subfield>
    <subfield code="o">RG101 G56 2001 V.2</subfield>
    <subfield code="p">BFM000006585</subfield>
    <subfield code="r">2017-01-30 00:00:00</subfield>
    <subfield code="t">1</subfield>
    <subfield code="y">LIB</subfield>
    <subfield code="z">General</subfield>
  </datafield>
  <datafield tag="952" ind1=" " ind2=" ">
    <subfield code="1">0</subfield>
    <subfield code="2">lcc</subfield>
    <subfield code="4">0</subfield>
    <subfield code="7">0</subfield>
    <subfield code="a">LIC-010</subfield>
    <subfield code="b">LIC-010</subfield>
    <subfield code="c">GENERAL</subfield>
    <subfield code="d">2017-01-30</subfield>
    <subfield code="e">FOMES-2001</subfield>
    <subfield code="f">1a ed.</subfield>
    <subfield code="i">CS</subfield>
    <subfield code="k">CS</subfield>
    <subfield code="o">RG101 G56 2001 V.2</subfield>
    <subfield code="p">BFM000006586</subfield>
    <subfield code="r">2017-01-30 00:00:00</subfield>
    <subfield code="t">2</subfield>
    <subfield code="y">LIB</subfield>
    <subfield code="z">General</subfield>
  </datafield>
  <datafield tag="952" ind1=" " ind2=" ">
    <subfield code="1">0</subfield>
    <subfield code="2">lcc</subfield>
    <subfield code="4">0</subfield>
    <subfield code="7">0</subfield>
    <subfield code="a">LIC-010</subfield>
    <subfield code="b">LIC-010</subfield>
    <subfield code="c">GENERAL</subfield>
    <subfield code="d">2017-01-30</subfield>
    <subfield code="e">FOMES-2001</subfield>
    <subfield code="f">1a ed.</subfield>
    <subfield code="i">CS</subfield>
    <subfield code="k">CS</subfield>
    <subfield code="o">RG101 G56 2001 V.2</subfield>
    <subfield code="p">BFM000006587</subfield>
    <subfield code="r">2017-01-30 00:00:00</subfield>
    <subfield code="t">3</subfield>
    <subfield code="y">LIB</subfield>
    <subfield code="z">General</subfield>
  </datafield>
  <datafield tag="952" ind1=" " ind2=" ">
    <subfield code="1">0</subfield>
    <subfield code="2">lcc</subfield>
    <subfield code="4">0</subfield>
    <subfield code="7">0</subfield>
    <subfield code="a">LIC-010</subfield>
    <subfield code="b">LIC-010</subfield>
    <subfield code="c">GENERAL</subfield>
    <subfield code="d">2017-01-30</subfield>
    <subfield code="e">FOMES-2001</subfield>
    <subfield code="f">1a ed.</subfield>
    <subfield code="i">CS</subfield>
    <subfield code="k">CS</subfield>
    <subfield code="o">RG101 G56 2001 V.2</subfield>
    <subfield code="p">BFM000006588</subfield>
    <subfield code="r">2017-01-30 00:00:00</subfield>
    <subfield code="t">4</subfield>
    <subfield code="y">LIB</subfield>
    <subfield code="z">General</subfield>
  </datafield>
  <datafield tag="952" ind1=" " ind2=" ">
    <subfield code="1">0</subfield>
    <subfield code="2">lcc</subfield>
    <subfield code="4">0</subfield>
    <subfield code="7">0</subfield>
    <subfield code="a">LIC-010</subfield>
    <subfield code="b">LIC-010</subfield>
    <subfield code="c">GENERAL</subfield>
    <subfield code="d">2017-01-30</subfield>
    <subfield code="e">FOMES-2001</subfield>
    <subfield code="f">1a ed.</subfield>
    <subfield code="i">CS</subfield>
    <subfield code="k">CS</subfield>
    <subfield code="o">RG101 G56 2001 V.2</subfield>
    <subfield code="p">BFM000006589</subfield>
    <subfield code="r">2017-01-30 00:00:00</subfield>
    <subfield code="t">5</subfield>
    <subfield code="y">LIB</subfield>
    <subfield code="z">General</subfield>
  </datafield>
  <datafield tag="952" ind1=" " ind2=" ">
    <subfield code="1">0</subfield>
    <subfield code="2">lcc</subfield>
    <subfield code="4">0</subfield>
    <subfield code="7">0</subfield>
    <subfield code="a">LIC-010</subfield>
    <subfield code="b">LIC-010</subfield>
    <subfield code="c">GENERAL</subfield>
    <subfield code="d">2017-01-30</subfield>
    <subfield code="e">FOMES-2001</subfield>
    <subfield code="f">1a ed.</subfield>
    <subfield code="i">CS</subfield>
    <subfield code="k">CS</subfield>
    <subfield code="o">RG101 G56 2001 V.2</subfield>
    <subfield code="p">BFM000006590</subfield>
    <subfield code="r">2017-01-30 00:00:00</subfield>
    <subfield code="t">6</subfield>
    <subfield code="y">LIB</subfield>
    <subfield code="z">General</subfield>
  </datafield>
  <datafield tag="952" ind1=" " ind2=" ">
    <subfield code="1">0</subfield>
    <subfield code="2">lcc</subfield>
    <subfield code="4">0</subfield>
    <subfield code="7">0</subfield>
    <subfield code="a">LIC-010</subfield>
    <subfield code="b">LIC-010</subfield>
    <subfield code="c">GENERAL</subfield>
    <subfield code="d">2017-01-30</subfield>
    <subfield code="e">FOMES-2001</subfield>
    <subfield code="f">1a ed.</subfield>
    <subfield code="i">CS</subfield>
    <subfield code="k">CS</subfield>
    <subfield code="o">RG101 G56 2001 V.2</subfield>
    <subfield code="p">BFM000006591</subfield>
    <subfield code="r">2017-01-30 00:00:00</subfield>
    <subfield code="t">7</subfield>
    <subfield code="y">LIB</subfield>
    <subfield code="z">General</subfield>
  </datafield>
  <datafield tag="952" ind1=" " ind2=" ">
    <subfield code="1">0</subfield>
    <subfield code="2">lcc</subfield>
    <subfield code="4">0</subfield>
    <subfield code="7">0</subfield>
    <subfield code="a">LIC-010</subfield>
    <subfield code="b">LIC-010</subfield>
    <subfield code="c">GENERAL</subfield>
    <subfield code="d">2017-01-30</subfield>
    <subfield code="e">FOMES-2001</subfield>
    <subfield code="f">1a ed.</subfield>
    <subfield code="i">CS</subfield>
    <subfield code="k">CS</subfield>
    <subfield code="o">RG101 G56 2001 V.2</subfield>
    <subfield code="p">BFM000006592</subfield>
    <subfield code="r">2017-01-30 00:00:00</subfield>
    <subfield code="t">8</subfield>
    <subfield code="y">LIB</subfield>
    <subfield code="z">General</subfield>
  </datafield>
  <datafield tag="952" ind1=" " ind2=" ">
    <subfield code="1">0</subfield>
    <subfield code="2">lcc</subfield>
    <subfield code="4">0</subfield>
    <subfield code="7">0</subfield>
    <subfield code="a">LIC-010</subfield>
    <subfield code="b">LIC-010</subfield>
    <subfield code="c">GENERAL</subfield>
    <subfield code="d">2017-01-30</subfield>
    <subfield code="e">FOMES-2001</subfield>
    <subfield code="f">1a ed.</subfield>
    <subfield code="i">CS</subfield>
    <subfield code="k">CS</subfield>
    <subfield code="o">RG101 G56 2001 V.2</subfield>
    <subfield code="p">BFM000006593</subfield>
    <subfield code="r">2017-01-30 00:00:00</subfield>
    <subfield code="t">9</subfield>
    <subfield code="y">LIB</subfield>
    <subfield code="z">General</subfield>
  </datafield>
  <datafield tag="952" ind1=" " ind2=" ">
    <subfield code="1">0</subfield>
    <subfield code="2">lcc</subfield>
    <subfield code="4">0</subfield>
    <subfield code="7">0</subfield>
    <subfield code="a">LIC-010</subfield>
    <subfield code="b">LIC-010</subfield>
    <subfield code="c">GENERAL</subfield>
    <subfield code="d">2017-01-30</subfield>
    <subfield code="e">FOMES-2001</subfield>
    <subfield code="f">1a ed.</subfield>
    <subfield code="i">CS</subfield>
    <subfield code="k">CS</subfield>
    <subfield code="o">RG101 G56 2001 V.2</subfield>
    <subfield code="p">BFM000006594</subfield>
    <subfield code="r">2017-01-30 00:00:00</subfield>
    <subfield code="t">10</subfield>
    <subfield code="y">LIB</subfield>
    <subfield code="z">General</subfield>
  </datafield>
  <datafield tag="952" ind1=" " ind2=" ">
    <subfield code="1">0</subfield>
    <subfield code="2">lcc</subfield>
    <subfield code="4">0</subfield>
    <subfield code="7">0</subfield>
    <subfield code="a">LIC-030</subfield>
    <subfield code="b">LIC-030</subfield>
    <subfield code="c">GENERAL</subfield>
    <subfield code="d">2021-11-18</subfield>
    <subfield code="f">1a ed.</subfield>
    <subfield code="h">V : 2</subfield>
    <subfield code="k">CS</subfield>
    <subfield code="o">RG101 G56 2001</subfield>
    <subfield code="p">ENL000001711</subfield>
    <subfield code="r">2021-11-18 00:00:00</subfield>
    <subfield code="t">2</subfield>
    <subfield code="v">1.00</subfield>
    <subfield code="y">LIB</subfield>
  </datafield>
  <datafield tag="952" ind1=" " ind2=" ">
    <subfield code="1">0</subfield>
    <subfield code="2">lcc</subfield>
    <subfield code="4">0</subfield>
    <subfield code="7">0</subfield>
    <subfield code="a">LIC-030</subfield>
    <subfield code="b">LIC-030</subfield>
    <subfield code="c">GENERAL</subfield>
    <subfield code="d">2021-11-18</subfield>
    <subfield code="f">1a ed.</subfield>
    <subfield code="h">V : 2</subfield>
    <subfield code="k">CS</subfield>
    <subfield code="o">RG101 G56 2001</subfield>
    <subfield code="p">ENL000001712</subfield>
    <subfield code="r">2021-11-18 00:00:00</subfield>
    <subfield code="t">3</subfield>
    <subfield code="v">1.00</subfield>
    <subfield code="y">LIB</subfield>
  </datafield>
  <datafield tag="952" ind1=" " ind2=" ">
    <subfield code="1">0</subfield>
    <subfield code="2">lcc</subfield>
    <subfield code="4">0</subfield>
    <subfield code="7">0</subfield>
    <subfield code="a">LIC-030</subfield>
    <subfield code="b">LIC-030</subfield>
    <subfield code="c">GENERAL</subfield>
    <subfield code="d">2021-11-18</subfield>
    <subfield code="f">1a ed.</subfield>
    <subfield code="h">V : 1</subfield>
    <subfield code="k">CS</subfield>
    <subfield code="o">RG101 G56 2001</subfield>
    <subfield code="p">ENL000001713</subfield>
    <subfield code="r">2021-11-18 00:00:00</subfield>
    <subfield code="t">1</subfield>
    <subfield code="v">1.00</subfield>
    <subfield code="y">LIB</subfield>
  </datafield>
  <datafield tag="952" ind1=" " ind2=" ">
    <subfield code="1">0</subfield>
    <subfield code="2">lcc</subfield>
    <subfield code="4">0</subfield>
    <subfield code="7">0</subfield>
    <subfield code="a">LIC-030</subfield>
    <subfield code="b">LIC-030</subfield>
    <subfield code="c">GENERAL</subfield>
    <subfield code="d">2021-12-02</subfield>
    <subfield code="f">1a ed.</subfield>
    <subfield code="h">V.2</subfield>
    <subfield code="k">CS</subfield>
    <subfield code="l">0</subfield>
    <subfield code="o">RG101 G56 2001 </subfield>
    <subfield code="p">ENL000002000</subfield>
    <subfield code="r">2021-12-02 00:00:00</subfield>
    <subfield code="t">1</subfield>
    <subfield code="v">1.00</subfield>
    <subfield code="y">LIB</subfield>
  </datafield>
</record>
